Единый критерий эффективности Pt-катализаторов дегидрирования высших н-парафинов; Катализ в промышленности; № 1
| Parent link: | Катализ в промышленности № 1.— 2011.— [С. 40a-50] |
|---|---|
| अन्य लेखक: | , , , , , |
| सारांश: | Заглавие с экрана Рассмотрена дезактивация катализатора коксогенными структурами при дегидрировании высших н-парафинов. Представлены схемы коксообразования на катализаторе в зависимости от условий проведения процесса. Описана математическая модель процесса, показана ее адекватность. Составлен алгоритм расчета оптимального режима работы катализаторов дегидрирования и приведены результаты расчетов. Проведено сравнение катализаторов дегидрирования разных марок по нескольким параметрам (образование кокса на катализаторе, выход побочного продукта реакции и динамика повышения температуры в реакторе). Модель можно использовать для оценки эффективности работы катализаторов в течение цикла и сравнения эффективности катализаторов. Режим доступа: по договору с организацией-держателем ресурса |
| भाषा: | रूसी |
| प्रकाशित: |
2011
|
| विषय: | |
| ऑनलाइन पहुंच: | https://elibrary.ru/item.asp?id=15138937 |
| स्वरूप: | इलेक्ट्रोनिक पुस्तक अध्याय |
| KOHA link: | https://koha.lib.tpu.ru/cgi-bin/koha/opac-detail.pl?biblionumber=655727 |
MARC
| LEADER | 00000naa0a2200000 4500 | ||
|---|---|---|---|
| 001 | 655727 | ||
| 005 | 20250331102018.0 | ||
| 035 | |a (RuTPU)RU\TPU\network\22007 | ||
| 035 | |a RU\TPU\network\21956 | ||
| 090 | |a 655727 | ||
| 100 | |a 20170925d2010 k||y0rusy50 ca | ||
| 101 | 0 | |a rus | |
| 102 | |a RU | ||
| 135 | |a drnn ---uucaa | ||
| 181 | 0 | |a i | |
| 182 | 0 | |a b | |
| 200 | 1 | |a Единый критерий эффективности Pt-катализаторов дегидрирования высших н-парафинов |f Р. В. Романовский [и др.] | |
| 203 | |a Текст |c электронный | ||
| 300 | |a Заглавие с экрана | ||
| 320 | |a [Библиогр.: с. 61 (3 назв.)] | ||
| 330 | |a Рассмотрена дезактивация катализатора коксогенными структурами при дегидрировании высших н-парафинов. Представлены схемы коксообразования на катализаторе в зависимости от условий проведения процесса. Описана математическая модель процесса, показана ее адекватность. Составлен алгоритм расчета оптимального режима работы катализаторов дегидрирования и приведены результаты расчетов. Проведено сравнение катализаторов дегидрирования разных марок по нескольким параметрам (образование кокса на катализаторе, выход побочного продукта реакции и динамика повышения температуры в реакторе). Модель можно использовать для оценки эффективности работы катализаторов в течение цикла и сравнения эффективности катализаторов. | ||
| 333 | |a Режим доступа: по договору с организацией-держателем ресурса | ||
| 461 | |t Катализ в промышленности | ||
| 463 | |t № 1 |v [С. 40a-50] |d 2011 | ||
| 610 | 1 | |a электронный ресурс | |
| 610 | 1 | |a труды учёных ТПУ | |
| 610 | 1 | |a катализаторы | |
| 610 | 1 | |a дегидрирование | |
| 610 | 1 | |a алканы | |
| 610 | 1 | |a методы | |
| 610 | 1 | |a математическое моделирование | |
| 610 | 1 | |a платина | |
| 701 | 1 | |a Романовский |b Р. В. |c химик-технолог |c инженер Томского политехнического университета |f 1987- |g Ростислав Владимирович |3 (RuTPU)RU\TPU\pers\28916 | |
| 701 | 1 | |a Францина |b Е. В. |c химик-технолог |c доцент Томского политехнического университета, кандидат технических наук |f 1985- |g Евгения Владимировна |3 (RuTPU)RU\TPU\pers\25034 |9 11167 | |
| 701 | 1 | |a Юрьев |b Е. М. | |
| 701 | 1 | |a Ивашкина |b Е. Н. |c химик-технолог |c профессор Томского политехнического университета, доктор технических наук |f 1983- |g Елена Николаевна |3 (RuTPU)RU\TPU\pers\24965 |9 11119 | |
| 701 | 1 | |a Иванчина |b Э. Д. |c химик |c профессор Томского политехнического университета, доктор технических наук |f 1951- |g Эмилия Дмитриевна |3 (RuTPU)RU\TPU\pers\24966 | |
| 701 | 1 | |a Кравцов |b А. В. |c химик-технолог |c профессор-консультант Томского политехнического университета, доктор технических наук |f 1938-2012 |g Анатолий Васильевич |3 (RuTPU)RU\TPU\pers\19827 | |
| 801 | 2 | |a RU |b 63413507 |c 20170925 |g RCR | |
| 856 | 4 | |u https://elibrary.ru/item.asp?id=15138937 | |
| 942 | |c CF | ||